000
00326nam a2200133Ia 4500
008
150201s2004 xx 000 0 und d
082
_a
616
_b
I04C
100
_a
COHEN,JONATHAN
245
_a
INFECTIOUS DISEASES-1
250
_a
2ND
260
_b
MOSBY ELSEVIER
_a
DELHI
_c
2004
650
_a
MEDICINE AND DIAGNOSIS
942
_2
ddc
_c
BK
999
_c
719
_d
719